Statistics for Asian Flags

Click here to take the quiz!

General Stats

  • This quiz has been taken 26 times
    (18 since last reset)
  • The average score is 50 of 58

Answer Stats

Answer% Correct
Afghanistan
100%
Bhutan
100%
China
100%
Georgia
100%
India
100%
Iran
100%
Iraq
100%
Israel
100%
Japan
100%
Jordan
100%
Kazakhstan
100%
Kuwait
100%
Kyrgyzstan
100%
Malaysia
100%
Mongolia
100%
Nepal
100%
North Korea
100%
Oman
100%
Pakistan
100%
Philippines
100%
Qatar
100%
Singapore
100%
South Korea
100%
Taiwan
100%
Turkey
100%
Vietnam
100%
Armenia
92%
Azerbaijan
92%
Bahrain
92%
Bangladesh
92%
Brunei
92%
Cyprus
92%
Indonesia
92%
Laos
92%
Lebanon
92%
Maldives
92%
Myanmar
92%
Saudi Arabia
92%
Sri Lanka
92%
Syria
92%
Tajikistan
92%
Turkmenistan
92%
Uzbekistan
92%
Cambodia
85%
Palestine
85%
Thailand
85%
United Arab Emirates
85%
Yemen
85%
East Timor
77%
Hong Kong
69%
Abkhazia
38%
British Indian Ocean Territory
38%
Christmas Island
38%
Macao
38%
Northern Cyprus
38%
South Ossetia
38%
Artsakh
31%
Cocos (Keeling) Islands
31%

Score Distribution

Percentile by Number Answered

Percent of People with Each Score

Your Score History

You have not taken this quiz since the last reset